Two Degrees of Separation - Netherlands Quiz Stats

 Plays Quiz Updated Oct 17, 2018

Challenge
Share
Tweet
Embed
Score 0/12 Timer 02:00
21 Plays Today
Country % Correct
Poland
92.4%
Austria
90.7%
Denmark
90.7%
Switzerland
90.5%
Luxembourg
82.2%
Czechia
81.1%
Spain
80%
Italy
74%
Andorra
63.8%
Monaco
53.5%
Brazil
23.5%
Suriname
20.8%

You're not logged in!

Compare scores with friends on all Sporcle quizzes.
OR
Log In

You Might Also Like...

Show Comments

Extras

Top Quizzes Today


Score Distribution

Your Account Isn't Verified!

In order to create a playlist on Sporcle, you need to verify the email address you used during registration. Go to your Sporcle Settings to finish the process.

Report this User

Report this user for behavior that violates our Community Guidelines.

Details: